00458nam a2200169Ia 4500003000900000008004100009020001800050040001600068080001700084100002200101245005300123260002800176300001700204650002700221650002100248650001900269IN-BaIIA211028s9999 xx 000 0 eng d a0-8284-0237-X cIIA Library a538.3bHEA-I aHeaviside, Oliver 0aElectromagnetic theorybvol. 1cOliver Heaviside aNew YorkbChelseac1971 axxxiv, 504p. aElectromagnetic fields aElectromagnetism aNASA Thesaurus